Central Library OPAC University of Rajshahi

Plato's cosmology : (Record no. 28437)

MARC details
000 -LEADER
fixed length control field 00891cam a2200289 4500
001 - CONTROL NUMBER
control field 28437
003 - CONTROL NUMBER IDENTIFIER
rucl marc code BD-RjUL
005 - DATE AND TIME OF LATEST TRANSACTION
control field 20211209051301.0
008 - FIXED-LENGTH DATA ELEMENTS--GENERAL INFORMATION
fixed length control field 140330r1956 - b 001 0 eng d
035 ## - SYSTEM CONTROL NUMBER
System control number (BD-RjUL)28518
System control number (DLC)37015188
040 ## - CATALOGING SOURCE
Original cataloging agency DLC
Transcribing agency OClU
Modifying agency DCHS
-- BD-RjUL
Language of cataloging eng
041 1# - LANGUAGE CODE
Language code of text/sound track or separate title eng
Language code of original grc
082 ## - DEWEY DECIMAL CLASSIFICATION NUMBER
Classification number 113
Author mark and year COP 1956
090 ## - LOCALLY ASSIGNED LC-TYPE CALL NUMBER (OCLC); LOCAL CALL NUMBER (OCLC)
Classification number (OCLC) (R) ; Classification number, CALL (RLIN) (NR) LCo
100 ## - MAIN ENTRY--PERSONAL NAME
Personal name Plato
9 (RLIN) 87082
245 10 - TITLE STATEMENT
Title Plato's cosmology :
Remainder of title the Timaeus of Plato /
Statement of responsibility, etc. translated with a running commentary by Francis Macdonald Cornford.
260 ## - PUBLICATION, DISTRIBUTION, ETC. (IMPRINT)
Place of publication, distribution, etc. London :
Name of publisher, distributor, etc. Routledge and Kegan Paul Ltd.,
Date of publication, distribution, etc. 1937 [4th Impression 1956].
300 ## - PHYSICAL DESCRIPTION
Pagination xviii, 376 p. :
Illustrations ill. ;
Size 22 cm.
504 ## - BIBLIOGRAPHY, ETC. NOTE
Bibliography, etc Includes index.
650 ## - SUBJECT ADDED ENTRY--TOPICAL TERM
Topical term or geographic name as entry element Plato. Timaeus Commentaries
9 (RLIN) 87083
700 ## - ADDED ENTRY--PERSONAL NAME
Personal name Cornford, Francis Macdodald
830 #0 - SERIES ADDED ENTRY--UNIFORM TITLE
Volume number/sequential designation 101.
942 ## - ADDED ENTRY ELEMENTS (KOHA)
Source of classification or shelving scheme Dewey Decimal Classification
Koha item type Books
Holdings
Lost status Source of classification or shelving scheme Damaged status Not for loan Collection code Permanent Location Current Location Shelving location Date acquired Source of acquisition Cost, normal purchase price Total Checkouts Full call number Date last seen Copy number Koha item type
  Dewey Decimal Classification     Non-fiction Central Library, University of Rajshahi Central Library, University of Rajshahi   05/03/1963 Zeitlinger 32.00   113 COP 1956 30/03/2014 C-2 Books
  Dewey Decimal Classification     Non-fiction Central Library, University of Rajshahi Central Library, University of Rajshahi   05/03/1963 Zeitlinger 32.00   113 COP 1956 30/03/2014 C-4 Books